| 000 | 01385nam a2200265 a 4500 | ||
|---|---|---|---|
| 001 | 39826 | ||
| 003 | BD-RjUL | ||
| 005 | 20211209053051.0 | ||
| 008 | 160418s2012 bg ||||| |||| 00| 0 ben d | ||
| 020 |
_a9789845591843 _c: Tk.200.00 |
||
| 035 | _a(BD-RjUL)39939 | ||
| 040 |
_aBD-RjUL _bben _cBD-RjUL |
||
| 041 | _aben | ||
| 082 |
_223 _a305.42095492 _bNAR 2012 |
||
| 245 |
_aনারীর আর্থ সামাজিক উন্নয়ন ও ক্ষমতায়নে সিভিডিপির প্রভাব = Impact of CVDP on Socio Economic Development and Empowerment of Females / _cনূরুন নাহার, নাছিমা আক্তার, সাইফুন নাহার, মোঃ আবু তালেব |
||
| 260 |
_aকুমিল্লা : _bবাংলাদেশ পল্লী উন্নয়ন একাডেমী, _c২০১২ |
||
| 300 |
_a৮৪ পৃ. ; _c২৩ সে.মি. |
||
| 650 |
_aনারী _vসামাজিক অবস্থা _zবাংলাদেশ _9122678 |
||
| 650 |
_aWomen _vSocial Condition _zBangladesh _9122679 |
||
| 700 |
_aবেগম, নূরুন নাহার _9122680 |
||
| 700 |
_aআক্তার, নাছিমা _9122681 |
||
| 700 |
_aনাহার, সাইফুন _9122682 |
||
| 700 |
_aতালেব, মোঃ আবু _9122683 |
||
| 942 |
_2ddc _cBK |
||
| 999 |
_c39826 _d39826 |
||